000 00575nam a22001817a 4500
999 _c6075
_d6075
003 GBCCL
005 20241126110555.0
008 180430b ||||| |||| 00| 0 eng d
040 _cgbc
082 _a933
_bJOS
100 _aWhiston, William
_910940
245 _aThe life and works of Flavius Josephus:
_bThe learned and authentic Jewish Historian and celebrated warrior /
_cWilliam Whiston
260 _aChicago:
_bJohn C. Winston Company
300 _a1054 p.;
_bill.,
_c24 cm.
650 _aJews
_xAntiquities
_910941
650 _aJews
_xHistory
_910942
942 _2ddc
_cBK
_01